Nursing a rating headache (Record no. 60233)

MARC details
000 -LEADER
fixed length control field 01030cam a2200241 4500
001 - CONTROL NUMBER
control field ABS61459
008 - FIXED-LENGTH DATA ELEMENTS--GENERAL INFORMATION
fixed length control field 000000n1999 000 0 eng u
035 ## - SYSTEM CONTROL NUMBER
System control number (Sirsi) u100780
100 ## - MAIN ENTRY--PERSONAL NAME
Personal name Stapleton, T.
245 ## - TITLE STATEMENT
Title Nursing a rating headache
260 ## - PUBLICATION, DISTRIBUTION, ETC.
Date of publication, distribution, etc. 1999
490 ## - SERIES STATEMENT
Series statement Estates Gazette
Volume/sequential designation (9938) 25 September 1999, 179(1)
520 ## - SUMMARY, ETC.
Summary, etc. Due to historic factors the rating revaluation and capital charges revaluation due in 2000 will penalise the NHS. The problem arises from the contractorsα method (see article for explanation) With a typical rise in the construction price tender index since the last revaluation of 30% and an expected fall in the rate poundage of 15%, hospital trusts can expect an increase in rates payable from 1 April 2000 of 15%.
590 ## - LOCAL NOTE (RLIN)
Local note ABS
650 ## - SUBJECT ADDED ENTRY--TOPICAL TERM
Topical term or geographic name entry element RATING REVALUATION
650 ## - SUBJECT ADDED ENTRY--TOPICAL TERM
Topical term or geographic name entry element CAPITAL CHARGES REVALUATION
650 ## - SUBJECT ADDED ENTRY--TOPICAL TERM
Topical term or geographic name entry element NHS
650 ## - SUBJECT ADDED ENTRY--TOPICAL TERM
Topical term or geographic name entry element HOSPITALS
650 ## - SUBJECT ADDED ENTRY--TOPICAL TERM
Topical term or geographic name entry element CONTRACTORS METHOD
650 ## - SUBJECT ADDED ENTRY--TOPICAL TERM
Topical term or geographic name entry element RATING REVALUATION 2000
690 ## - LOCAL SUBJECT ADDED ENTRY--TOPICAL TERM (OCLC, RLIN)
Topical term or geographic name as entry element RATING AND VALUATION
942 ## - ADDED ENTRY ELEMENTS (KOHA)
Suppress in OPAC 0
Holdings
Withdrawn status Lost status Source of classification or shelving scheme Damaged status Not for loan Home library Current library Shelving location Date acquired Total Checkouts Full call number Barcode Date last seen Copy number Price effective from Koha item type
    Dewey Decimal Classification     London London Journal article 26/10/1999   ABS61459 100780-1001 06/08/2019 1 06/08/2019 Journal article